000 00758nam a2200217Ii 4500
003 JO-AjNU
008 230605s9999||||xx |||||||||||||| ||und||
017 _a2010/134
020 _a978-9947-24-728-0
040 _aJO-AjNU
_bara
_erda
_cJO-AjNU
041 _aara
050 1 4 _aDS109 G48 2010
100 3 _aغوشة، صبحي سعد الدين,
_eauthor
_950125
245 0 0 _aالحياة الإجتماعية في القدس في القرن العشرين
264 3 1 _aعمان: وزارة الثقافة، 2010
300 _a550ص
_bصور توضيحية
336 _atext
_btxt
_2rdacontent
337 _aunmediated
_bn
_2rdamedia
338 _avolume
_bnc
_2rdacarrier
650 4 _aالقدس- الحياة الاجتماعية - قرن 20
_950126
999 _aA22060
_c25628
_d25628